[Event "Tourn. n10293"]
[Site "www.echecsemail.com"]
[Date "2020.02.25"]
[Round "1"]
[White "Cal"]
[Black "Roque1"]
[WhiteElo "1820"]
[BlackElo "1790"]
[Result "0-1"]
[Round "1"]
1.Ng1f3 d5
2.d4 Bc8g4
3.e3 Nb8c6
4.Bf1e2 Ng8f6
5.a3 g6
6.h3 Bg4xf3
7.Be2xf3 Bf8g7
8.Nb1c3 O-O
9.b4 e5
10.dxe5 Nc6xe5
11.O-O b6
12.Bc1b2 Ne5xf3
13.Qd1xf3 Qd8d6
14.Nc3e2 Nf6e4
15.Ra1d1 f5
16.Bb2xg7 Kxg7
17.Ne2f4 c6
18.c4 a5
19.cxd5 axb4
20.dxc6 Qd6xc6
21.Rf1e1 Ra8xa3
22.Rd1d4 b3
23.Nf4d3 Qc6c3
24.Nd3e5 Qc3xe1
25.Kh2 b2
26.Rd4d1 Qe1b4
27.Rd1b1 Ra3a1
28.Rb1xb2 Qb4e1
29.Qf3xe4 fxe4
30.f4 Qe1g1
31.Kg3 Qg1xe3
32.Kh2 Qe3xf4
33.g3 Qf4f2
34.Rb2xf2 Rf8xf2

0-1

[Event "Match"]
[Site "www.echecsemail.com"]
[Date "2020.02.25"]
[Round "1"]
[White "Mb20"]
[Black "Logout"]
[WhiteElo "1809"]
[BlackElo "2020"]
[Result "0-1"]
[Round "1"]
1.d4 Ng8f6
2.c4 e6
3.Ng1f3 b6
4.g3 Bc8b7
5.Bf1g2 Bf8b4
6.Bc1d2 Bb4xd2
7.Nb1xd2 d6
8.O-O O-O
9.Rf1e1 Rf8e8
10.e4 d5
11.e5 Nf6d7
12.Qd1c2 dxc4
13.Qc2xc4 Bb7d5
14.Qc4c2 c5
15.dxc5 Nd7xc5
16.h4 Nb8c6
17.Nf3g5 g6
18.Bg2xd5 Qd8xd5
19.h5 Nc6xe5
20.Nd2e4 Nc5xe4
21.Ng5xe4 Qd5d8
22.Ra1d1 Qd8e7
23.hxg6 Ne5xg6
24.Qc2e2 Ra8d8
25.Qe2e3 Rd8xd1
26.Re1xd1 Re8d8
27.Rd1xd8 Qe7xd8
28.Qe3e2 Qd8d4
29.Qe2c2 a5
30.Qc2c8 Kg7
31.Qc8c3 Qd4xc3
32.Ne4xc3 Ng6e7
33.a3 Ne7d5
{ resign }
0-1

[Event "Tourn. n10294"]
[Site "www.echecsemail.com"]
[Date "2020.02.25"]
[Round "1"]
[White "Roque1"]
[Black "Agmdiazj"]
[WhiteElo "1820"]
[BlackElo "1979"]
[Result "0-1"]
[Round "1"]
1.e4 c5
2.Ng1f3 d6
3.Bf1b5 Bc8d7
4.Nb1c3 e6
5.d4 cxd4
6.Nf3xd4 Ng8f6
7.Bc1g5 Bf8e7
8.Qd1d2 O-O
9.O-O-O a6
10.Bb5a4 Qd8c7
11.h4 Rf8d8
12.f4 Bd7xa4
13.Nc3xa4 Nf6xe4
14.Qd2e3 d5
15.Na4c3 Ne4xc3
16.bxc3 Be7a3
17.Kb1 Qc7b6
18.Nd4b3 Qb6xe3
19.Rd1d3 Qe3b6
20.Bg5xd8 Qb6xd8
21.g4 b5
22.h5 Nb8c6
23.h6 g6
24.f5 Nc6e5
25.Rd3d4 Qd8c7
26.Rh1h3 a5
27.fxg6 fxg6
28.g5 a4
29.Nb3d2 Ra8b8
30.Ka1 b4
31.Nd2b1 Qc7b6
32.c4 Qb6xd4
33.c3 bxc3
34.Rh3xc3 Ba3b2

0-1

[Event "Match"]
[Site "www.echecsemail.com"]
[Date "2020.02.25"]
[Round "1"]
[White "Patriciomeza"]
[Black "Guidom"]
[WhiteElo "1809"]
[BlackElo "2140"]
[Result "1-0"]
[Round "1"]
1.e4 e5
2.Ng1f3 Nb8c6
3.Bf1b5 a6
4.Bb5a4 Ng8f6
5.O-O d6
6.Rf1e1 Bc8g4
7.c3 Bf8e7
8.d3 O-O
9.Nb1d2 b5
10.Ba4c2 Qd8c8
11.Nd2f1 Rf8d8
12.h3 Bg4h5
13.Nf1g3 Bh5g6
14.Nf3h4 Nc6a7
15.Ng3f5 Qc8e6
16.a4 c5
17.Bc2b3 Qe6d7
18.Bc1g5 Bg6xf5
19.Nh4xf5 Na7c6
20.Bg5h4 Rd8c8
21.Re1e3 Nc6a5
22.Re3g3 g6
23.Nf5xe7 Qd7xe7
24.Rg3f3 c4
25.Bb3c2 Qe7e6
26.Rf3xf6 { resign }
1-0

[Event "Match"]
[Site "www.echecsemail.com"]
[Date "2020.02.25"]
[Round "1"]
[White "Ericleo1980"]
[Black "Mb20"]
[WhiteElo "2000"]
[BlackElo "1809"]
[Result "1-0"]
[Round "1"]
1.e4 c5
2.Ng1f3 d6
3.d4 cxd4
4.Nf3xd4 Ng8f6
5.Nb1c3 a6
6.Bc1e3 e5
7.Nd4b3 Bc8e6
8.f3 Nb8d7
9.g4 h6
10.Qd1d2 Bf8e7
11.O-O-O O-O
12.h4 Nf6h7
13.g5 hxg5
14.hxg5 Be7xg5
15.Rh1xh7 Kxh7
16.Be3xg5 f6
17.Bg5e3 g5
18.Qd2xd6 Be6xb3
19.axb3 { resign }
1-0

[Event "1/128 Finale"]
[Site "www.chess-mail.com"]
[Date "2020.02.25"]
[Round "1"]
[White "Hennie4820"]
[Black "Wegaman"]
[WhiteElo "2090"]
[BlackElo "1910"]
[Result "1-0"]
[Round "1"]
1.e4 e6
2.d4 d5
3.Nb1d2 c5
4.exd5 exd5
5.dxc5 Bf8xc5
6.Ng1f3 Ng8f6
7.Bf1b5 Nb8c6
8.O-O O-O
9.Nd2b3 Bc5b6
10.Bc1g5 a6
11.Bb5d3 h6
12.Bg5h4 Bc8g4
13.h3 Bg4h5
14.a3 Qd8d6
15.Rf1e1 Rf8e8
16.Bh4g3 Qd6d8
17.Bd3f5 Re8xe1
18.Qd1xe1 Qd8e8
19.Qe1c3 Bh5xf3
20.Qc3xf3 Ra8d8
21.Kf1 a5
22.Ra1e1 Qe8f8
23.Bg3f4 a4
24.Nb3c1 Qf8c5
25.Bf4e3 Qc5a5
26.Bf5d3 d4
27.Be3xh6 gxh6
28.Qf3xf6 Qa5g5
29.Qf6xg5 hxg5
30.Nc1e2 Rd8c8
31.Ne2g3 f6
32.Ng3f5 Nc6e5
33.Nf5e7 { resign }
1-0

[Event "Tourn. n10267"]
[Site "www.echecsemail.com"]
[Date "2020.02.26"]
[Round "1"]
[White "Jjmcbride"]
[Black "Vasylpuzanov"]
[WhiteElo "1660"]
[BlackElo "1620"]
[Result "0-1"]
[Round "1"]
1.e4 e5
2.Ng1f3 Nb8c6
3.c3 d5
4.exd5 Qd8xd5
5.c4 Qd5d6
6.Nb1c3 Ng8f6
7.Nc3b5 Qd6d8
8.Bf1e2 a6
9.Nb5c3 Bf8c5
10.O-O O-O
11.a3 Bc5d4
12.Nf3xd4 Nc6xd4
13.h3 Bc8f5
14.d3 Nd4xe2
15.Nc3xe2 h6
16.Rf1e1 { time. }
0-1

[Event "Tourn. n10284"]
[Site "www.echecsemail.com"]
[Date "2020.02.26"]
[Round "1"]
[White "Agmdiazj"]
[Black "Jjmcbride"]
[WhiteElo "1979"]
[BlackElo "1700"]
[Result "1-0"]
[Round "1"]
1.d4 Nb8c6
2.c4 d5
3.Ng1f3 h6
4.Nb1c3 dxc4
5.e3 Bc8e6
6.d5 Be6xd5
7.Qd1xd5 Qd8xd5
8.Nc3xd5 O-O-O
9.Bf1xc4 e6
10.Nd5c3 g5
11.a3 g4
12.Nf3d2 Nc6e5
13.Bc4e2 Ng8f6
{ time. }
1-0

[Event "Tourn. n10302"]
[Site "www.echecsemail.com"]
[Date "2020.02.26"]
[Round "1"]
[White "Fantomas"]
[Black "Add"]
[WhiteElo "2200"]
[BlackElo "2080"]
[Result "1-0"]
[Round "1"]
1.e4 e5
2.Ng1f3 Nb8c6
3.Bf1b5 Bf8c5
4.Nb1c3 d6
5.O-O Bc8g4
6.h3 h5
7.d3 a6
8.Bb5c4 Bg4e6
9.Bc4d5 Be6xd5
10.Nc3xd5 Nc6d4
11.c3 Nd4e6
12.Nd5e3 g6
13.Qd1b3 Bc5b6
14.Ne3d5 g5
15.Qb3a4 Qd8d7
16.Nd5xb6 cxb6
17.Qa4xd7 Kxd7
18.Nf3xg5 Ne6xg5
19.Bc1xg5 f6
20.Bg5e3 b5
21.f4 Ng8e7
22.fxe5 fxe5
23.Rf1f7 Ra8f8
24.Ra1f1 Rf8xf7
25.Rf1xf7 Rh8g8
26.Kh2 Ke6
27.Rf7h7 Ne7g6
28.Rh7xh5 Ng6f4
29.Be3xf4 exf4
30.Rh5f5 { resign }
1-0

[Event "Tourn. n10279"]
[Site "www.echecsemail.com"]
[Date "2020.02.26"]
[Round "1"]
[White "Esperanza"]
[Black "Fantomas"]
[WhiteElo "2060"]
[BlackElo "2220"]
[Result "1/2-1/2"]
[Round "1"]
1.d4 d5
2.Bc1f4 Ng8f6
3.e3 e6
4.Bf1d3 Bf8d6
5.Bf4g3 Bd6xg3
6.hxg3 h6
7.g4 Nf6e4
8.Nb1d2 Ne4d6
9.Ng1f3 Nb8c6
10.c3 Bc8d7
11.Qd1e2 Qd8e7
12.g5 h5
13.e4 dxe4
14.Nd2xe4 Nd6xe4
15.Qe2xe4 O-O-O
16.b4 f5
17.Qe4e2 g6
18.d5 exd5
19.Qe2xe7 Nc6xe7
20.Nf3e5 Bd7e6
21.f4 Rh8g8
22.Kf2 Rd8d6
23.a4 Ne7c6
24.Ne5f3 d4
25.cxd4 Nc6xd4
26.Nf3e5 Nd4c6
27.Ne5xc6 Rd6xc6
28.Rh1c1 Rc6xc1
29.Ra1xc1 Rg8d8
30.Ke3 Be6d5
31.g3 Bd5b3
32.a5 Rd8d6
33.Rc1c5 Kd7
34.Rc5e5 Rd6e6
35.Kd4 Kd6
36.Re5xe6 Bb3xe6
37.Bd3b5 c6
38.Bb5e2 b6
39.axb6 axb6
40.Be2f3 c5
41.bxc5 bxc5
42.Kc3 Be6d5
43.Bf3e2 Kc6
44.Be2f1 Bd5a2
45.Bf1g2 Ba2d5
46.Bg2f1 Bd5f3
47.Bf1c4 Bf3d5
48.Bc4e2 Bd5e6
49.Be2f3 Be6d5
{ draw }
1/2-1/2

[Event "Tourn. n10283"]
[Site "www.echecsemail.com"]
[Date "2020.02.26"]
[Round "1"]
[White "Filidor"]
[Black "Chessdna"]
[WhiteElo "1649"]
[BlackElo "1630"]
[Result "1-0"]
[Round "1"]
1.e4 e5
2.Ng1f3 d6
3.d4 exd4
4.Nf3xd4 c5
5.Nd4f3 Ng8f6
6.Nb1c3 a6
7.a4 Nb8c6
8.h3 Bf8e7
9.Bf1e2 O-O
10.O-O b6
11.Bc1f4 Nf6h5
12.Bf4h2 Bc8e6
13.Nc3d5 Be6xd5
14.Qd1xd5 Nc6e5
15.Nf3xe5 dxe5
16.Be2xh5 g6
17.Bh5e2 Qd8xd5
18.exd5  { time }
1-0

[Event "Match"]
[Site "www.echecsemail.com"]
[Date "2020.02.26"]
[Round "1"]
[White "Apdash"]
[Black "Micheles"]
[WhiteElo "2250"]
[BlackElo "2620"]
[Result "0-1"]
[Round "1"]
1.e4 c6
2.c4 d5
3.cxd5 cxd5
4.exd5 Ng8f6
5.Ng1f3 Nf6xd5
6.d4 e6
7.Bf1c4 Bf8b4
8.Bc1d2 O-O
9.O-O Bb4xd2
10.Qd1xd2 Nb8c6
11.Nb1c3 Nc6e7
12.Nf3e5 b6
13.Nc3xd5 Ne7xd5
14.Ra1c1 Bc8b7
15.f4 a5
16.f5 f6
17.Ne5d3 exf5
18.Rf1xf5 Kh8
19.Bc4xd5 Bb7xd5
20.b3 Bd5e4
21.Rf5f4 Qd8xd4
22.Kh1 Qd4xd3
23.Qd2e1 Rf8e8
24.Qe1f2 Ra8c8
25.Rc1g1 Rc8c2
26.Qf2h4 Rc2xg2
27.Rf4xe4 Rg2xg1
28.Kxg1 Qd3xe4
29.Qh4xe4 Re8xe4
{ resign }
0-1

[Event "Match"]
[Site "www.echecsemail.com"]
[Date "2020.02.26"]
[Round "1"]
[White "Micheles"]
[Black "Phil4be"]
[WhiteElo "2620"]
[BlackElo "1499"]
[Result "1-0"]
[Round "1"]
1.d4 h6
2.e4 g5
3.Nb1c3 c6
4.h4 gxh4
5.e5 e6
6.Qd1h5 Ng8e7
7.Nc3e4 Qd8a5
8.Bc1d2 Qa5c7
9.Ne4d6 Kd8
10.Nd6xf7 Ke8
11.Nf7d6 { resign }
1-0

[Event "Match"]
[Site "www.echecsemail.com"]
[Date "2020.02.26"]
[Round "1"]
[White "Lucaxrossi"]
[Black "Bjonil60"]
[WhiteElo "1499"]
[BlackElo "1420"]
[Result "0-1"]
[Round "1"]
1.e4 Nb8c6
2.Nb1c3 e6
3.Ng1f3 e5
4.Bf1c4 d6
5.O-O Qd8e7
6.d4 Nc6a5
7.Bc4b5 c6
8.Bb5xc6 bxc6
9.d5 c5
10.Nc3b5 a6
11.Nb5c7 Qe7xc7
12.b3 Ra8b8
13.Bc1d2 Na5b7
14.a4 a5
15.Qd1e2 f6
16.c3 g6
17.b4 axb4
18.cxb4 cxb4
19.Bd2xb4 f5
20.exf5 gxf5
21.Qe2b5 Bc8d7
22.Qb5a6 Bd7c8
23.Qa6a7 Bc8d7
24.Ra1c1 { time. }
0-1

[Event "Match"]
[Site "www.echecsemail.com"]
[Date "2020.02.26"]
[Round "1"]
[White "Ericleo1980"]
[Black "Koudelka"]
[WhiteElo "2000"]
[BlackElo "1809"]
[Result "1-0"]
[Round "1"]
1.e4 e5
2.Ng1f3 Ng8f6
3.Nf3xe5 Qd8e7
4.d4 Nb8c6
5.Ne5xc6 Qe7xe4
6.Qd1e2 Qe4xe2
7.Bf1xe2 dxc6
8.Be2d3 Bc8e6
9.O-O O-O-O
10.Bc1e3  { time }
1-0

[Event "Tourn. n10284"]
[Site "www.echecsemail.com"]
[Date "2020.02.27"]
[Round "1"]
[White "Jjmcbride"]
[Black "Hansen"]
[WhiteElo "1700"]
[BlackElo "1650"]
[Result "0-1"]
[Round "1"]
1.e4 d5
2.e5 e6
3.d4 a6
4.c4 dxc4
5.Bf1xc4 Nb8c6
6.Ng1f3 b5
7.Bc4b3 h6
8.O-O Bc8b7
9.d5 Nc6b4
10.Nb1c3 g5
11.dxe6 fxe6
12.Qd1xd8 { time. }
0-1

[Event "Tourn. n10284"]
[Site "www.echecsemail.com"]
[Date "2020.02.27"]
[Round "1"]
[White "Jjmcbride"]
[Black "Fabos12"]
[WhiteElo "1700"]
[BlackElo "1570"]
[Result "0-1"]
[Round "1"]
1.e4 e6
2.e5 Nb8c6
3.d4 Ng8e7
4.Ng1f3 b6
5.c3 Bc8b7
6.Bf1d3 Ne7d5
7.Nf3g5 g6
8.Qd1f3 Qd8e7
9.Bd3xg6 { time. }
0-1

[Event "Tourn. n10267"]
[Site "www.echecsemail.com"]
[Date "2020.02.27"]
[Round "1"]
[White "Jjmcbride"]
[Black "Fabos12"]
[WhiteElo "1660"]
[BlackElo "1480"]
[Result "0-1"]
[Round "1"]
1.e4 e6
2.e5 d6
3.Ng1f3 Nb8c6
4.Bf1b5 Bc8d7
5.d4 Ng8e7
6.Bc1g5 h6
7.Bg5d2 dxe5
8.dxe5 Nc6xe5
9.Nf3d4 Bd7xb5
10.Nd4xb5 a6
11.Nb5c3 Ne7f5
12.Qd1e2 Ne5c6
13.O-O Nc6d4
14.Qe2e4 c6
15.Rf1e1 Bf8c5
16.Nc3a4 Bc5a7
17.c3 Nd4b5
18.Qe4xf5 O-O
19.Bd2xh6 { time. }
0-1

[Event "Tourn. n10284"]
[Site "www.echecsemail.com"]
[Date "2020.02.27"]
[Round "1"]
[White "Fabos12"]
[Black "Vasylpuzanov"]
[WhiteElo "1570"]
[BlackElo "1590"]
[Result "1-0"]
[Round "1"]
1.d4 Ng8f6
2.Ng1f3 d5
3.Bc1f4 Bc8f5
4.c3 e6
5.h3 h6
6.g4 Bf5e4
7.Nb1d2 Be4h7
8.Bf1g2 Bf8d6
9.Nf3e5 Nb8d7
10.Nd2f3 Qd8e7
11.O-O  { time }
1-0

[Event "Tourn. n10279"]
[Site "www.echecsemail.com"]
[Date "2020.02.27"]
[Round "1"]
[White "Fegatux"]
[Black "Fantomas"]
[WhiteElo "2270"]
[BlackElo "2220"]
[Result "1-0"]
[Round "1"]
1.Ng1f3 d5
2.d4 Ng8f6
3.c4 e6
4.Nb1c3 dxc4
5.e3 a6
6.Bf1xc4 b5
7.Bc4d3 c6
8.O-O Bf8e7
9.a3 Bc8b7
10.e4 Nb8d7
11.Bc1g5 h6
12.Bg5h4 c5
13.Rf1e1 cxd4
14.Nf3xd4 Nd7e5
15.Bd3c2 Ne5g6
16.Bh4g3 e5
17.Nd4f5 Kf8
18.Qd1xd8 Ra8xd8
19.Ra1d1 Ng6f4
20.Rd1xd8 Be7xd8
21.Bg3xf4 exf4
22.Nf5d6 Bb7c6
23.Bc2b3 Bc6e8
24.e5 Nf6g8
25.Nc3d5 g5
26.Nd6xe8 Kxe8
27.e6 fxe6
28.Re1xe6 Ng8e7
29.Nd5f6 Kf8
30.Re6xa6 Ne7f5
31.Nf6d7 Ke7
32.Nd7e5 Rh8e8
33.Bb3f7 Re8f8
34.Ra6e6 
1-0

[Event "Match"]
[Site "www.echecsemail.com"]
[Date "2020.02.27"]
[Round "1"]
[White "Foxy100"]
[Black "Apdash"]
[WhiteElo "2520"]
[BlackElo "2210"]
[Result "1-0"]
[Round "1"]
1.e4 e5
2.Ng1f3 Nb8c6
3.d4 d5
4.Nf3xe5 Nc6xe5
5.dxe5 dxe4
6.Qd1xd8 Kxd8
7.Bf1e2 Bc8f5
8.O-O f6
9.Rf1d1 Ke8
10.Nb1c3 c6
11.g4 Bf5g6
12.Bc1f4 Bf8b4
13.Nc3xe4 Bg6xe4
14.Rd1d4 Be4xc2
15.Rd4xb4 b5
16.Ra1c1 a5
17.Rb4d4 Bc2g6
18.Rc1xc6 Ng8e7
19.Rc6b6 b4
20.exf6 gxf6
21.Rb6xf6 Rh8f8
22.Rd4d6 Rf8xf6
23.Be2b5 Kf7
24.Bb5c4 Kg7
25.Bf4e5 Ne7g8
26.g5 Bg6e4
27.gxf6 Kf8
28.f7 Ng8e7
29.Be5f6 Ra8c8
30.Bf6xe7 Kxe7
31.Rd6e6 Kxf7
32.Re6xe4 Kg7
33.b3 { resign }
1-0

[Event "Tourn. n10283"]
[Site "www.echecsemail.com"]
[Date "2020.02.27"]
[Round "1"]
[White "Vasylpuzanov"]
[Black "Filidor"]
[WhiteElo "1620"]
[BlackElo "1649"]
[Result "0-1"]
[Round "1"]
1.d4 Ng8f6
2.c4 c5
3.e3 e6
4.Nb1c3 cxd4
5.exd4 d5
6.cxd5 Nf6xd5
7.Bc1d2 Nb8c6
8.Ng1f3 Bf8e7
9.Bf1e2 O-O
10.O-O Be7f6
11.Bd2e3 b6
12.a3 Bc8b7
13.h3 Ra8c8
14.Ra1c1 g6
15.Nc3xd5 Qd8xd5
16.Be2c4 Qd5d6
 { time }
0-1

[Event "Tourn. n10283"]
[Site "www.echecsemail.com"]
[Date "2020.02.27"]
[Round "1"]
[White "Jjmcbride"]
[Black "Filidor"]
[WhiteElo "1660"]
[BlackElo "1649"]
[Result "0-1"]
[Round "1"]
1.e4 e5
2.Ng1f3 Nb8c6
3.Bf1b5 a6
4.Bb5xc6 dxc6
5.Nf3xe5 Qd8g5
6.Ne5f3 Qg5xg2
7.Rh1g1 Qg2h3
8.Rg1g3 Qh3e6
9.e5 Ng8e7
10.Qd1e2 Ne7f5
11.Rg3g2 h6
12.c3 c5
13.d4 Bc8d7
14.Bc1d2 O-O-O
15.Rg2g4 Nf5xd4
16.Nf3xd4 Qe6xg4
17.Qe2xg4 Bd7xg4
18.Nd4c2 Bf8e7
19.Nc2e3 { time. }
0-1

[Event "Match"]
[Site "www.echecsemail.com"]
[Date "2020.02.27"]
[Round "1"]
[White "Coraza"]
[Black "Ditto"]
[WhiteElo "1720"]
[BlackElo "1940"]
[Result "0-1"]
[Round "1"]
1.e4 e5
2.Ng1f3 Nb8c6
3.Bf1c4 Ng8f6
4.Nf3g5 d5
5.exd5 Nc6d4
6.d6 Qd8xd6
7.Ng5xf7 Qd6c6
8.Nf7xe5 Qc6e4
9.Kf1 Qe4xe5
10.Nb1c3 Bc8f5
11.d3 Bf8d6
12.g3 Bf5h3
13.Kg1 Bh3g4
14.Qd1f1 Qe5h5
15.h4 Bg4f3
16.Rh1h2 Bd6b4
17.Qf1e1 Bb4e7
18.Bc4b3 Nf6g4
19.Rh2h3 Bf3c6
20.Bc1g5 Nd4f3
21.Kf1 Nf3xe1
22.Ra1xe1 Ng4f6
23.g4 Qh5xg4
24.Rh3e3 Bc6g2
25.Kg1 O-O-O
26.Bb3e6 Qg4xe6
27.Re3xe6 Bg2h3
28.Re6xe7 Rh8g8
29.Re1e3 Bh3g4
30.Bg5xf6 gxf6
31.Re7xh7 Bg4f5
32.Kh2 Bf5xh7
33.Nc3b5 Kb8
34.Re3e7 Rg8h8
35.Nb5xc7 Bh7f5
36.Nc7b5 Rh8xh4
37.Kg1 Rd8g8
38.Kf1 a6
39.Nb5d6 Bf5c8
40.c4 Rh4h1
41.Ke2 Bc8g4
42.Kd2 Bg4f3
43.Ke3 Rh1h3
44.Kd2 Bf3c6
45.d4 Rg8g2
46.Re7e2 Bc6f3
47.Re2e8 Kc7
48.Nd6f5 Rg2xf2
49.Ke1 Rf2g2
50.Re8e7 Kb6
51.Re7e6 Ka7
52.Nf5e3 Rg2xb2
53.Re6xf6 Rh3h1
54.Ne3f1 Bf3g2
55.d5 Rb2c2
56.a4 Rc2xc4
57.Kf2 Bg2xd5
58.Nf1e3 Rc4c5
59.Rf6f5 Rh1h2
60.Kg3 Rh2d2
61.Kf4 Rd2f2
62.Kg5 Rf2xf5
63.Ne3xf5 Bd5e6
64.Kf6 Be6xf5
65.Ke7 Rc5c6
66.a5 Kb8
67.Kf7 Kc7
{ resign }
0-1

[Event "Match"]
[Site "www.echecsemail.com"]
[Date "2020.02.27"]
[Round "1"]
[White "Mb20"]
[Black "Llord"]
[WhiteElo "1809"]
[BlackElo "1910"]
[Result "1/2-1/2"]
[Round "1"]
1.d4 g6
2.e4 Bf8g7
3.c4 Nb8c6
4.Nb1c3 Bg7xd4
5.Ng1f3 Bd4xc3
6.bxc3 d6
7.Bf1e2 Bc8g4
8.O-O Ng8f6
9.h3 Bg4xf3
10.Be2xf3 Nc6e5
11.Bc1g5 Ne5xf3
12.Qd1xf3 O-O
13.Bg5xf6 exf6
14.Ra1d1 a5
15.c5 Ra8a6
16.cxd6 Ra6xd6
17.Rd1xd6 Qd8xd6
18.Rf1d1 Qd6a3
19.Rd1d2 Qa3c1
20.Qf3d1 Qc1xd1
21.Rd2xd1 c6
22.Rd1d7 Rf8e8
23.f3 b5
24.Rd7d6 Re8c8
25.Rd6xf6 Kg7
26.Rf6d6 b4
27.cxb4 { draw }
1/2-1/2

[Event "Tourn. n10301"]
[Site "www.echecsemail.com"]
[Date "2020.02.27"]
[Round "1"]
[White "Cal"]
[Black "Roque1"]
[WhiteElo "1680"]
[BlackElo "1900"]
[Result "0-1"]
[Round "1"]
1.c4 e6
2.a3 Nb8c6
3.Nb1c3 Ng8f6
4.e4 Bf8e7
5.d3 O-O
6.h3 Nc6d4
7.Bc1e3 c5
8.b4 b6
9.Be3xd4 cxd4
10.Nc3e2 d5
11.cxd5 exd5
12.e5 Nf6d7
13.Ne2xd4 Nd7xe5
14.Ng1e2 Bc8a6
15.Ne2f4 Ra8c8
16.Nd4f5 Be7g5
17.Nf4h5 g6
18.Nh5g3 Rf8e8
19.Nf5d4 Ne5xd3
{ resign }
0-1

[Event "Tourn. n10298"]
[Site "www.echecsemail.com"]
[Date "2020.02.27"]
[Round "1"]
[White "Patriciomeza"]
[Black "Madz123456"]
[WhiteElo "1809"]
[BlackElo "1640"]
[Result "1/2-1/2"]
[Round "1"]
1.e4 c5
2.Ng1f3 d6
3.d4 cxd4
4.Nf3xd4 Ng8f6
5.Nb1c3 a6
6.Bf1e2 e5
7.Nd4b3 Bf8e7
8.O-O b6
9.Bc1e3 O-O
10.a4 Qd8c7
11.Qd1d2 Bc8e6
12.Rf1d1 Nb8d7
13.f3 Rf8d8
14.Qd2e1 Nd7c5
15.Nb3xc5 bxc5
16.a5 d5
17.exd5 Nf6xd5
18.Nc3xd5 Be6xd5
19.Qe1c3 e4
20.f4 Qc7c6
21.Be2c4 Be7f6
22.Bc4xd5 { draw }
1/2-1/2

[Event "Match"]
[Site "www.echecsemail.com"]
[Date "2020.02.27"]
[Round "1"]
[White "Gambittiger"]
[Black "Eeze"]
[WhiteElo "1819"]
[BlackElo "1670"]
[Result "1-0"]
[Round "1"]
1.Ng1f3 d6
2.g3 e5
3.Bf1g2 c6
4.O-O h6
5.e4 Bc8g4
6.d3 Bf8e7
7.Nb1d2 Ng8f6
8.Nd2c4 O-O
9.Nc4e3 Bg4h5
10.h3 Nb8d7
11.Qd1d2 Bh5xf3
12.Bg2xf3 Nd7c5
13.Ne3f5 Nf6h7
14.Nf5xe7 Qd8xe7
15.b3 Qe7f6
16.Bf3g2 b6
17.Bc1b2 a5
18.f4 Qf6e7
19.d4 Nc5d7
20.dxe5 dxe5
21.fxe5 Nd7xe5
22.Qd2d4 f6
23.Qd4xb6 c5
24.Ra1d1 Rf8b8
25.Qb6d6 Qe7xd6
26.Rd1xd6 Rb8c8
27.Bb2xe5 fxe5
28.Rd6d5 c4
29.Rd5xe5 Nh7f6
30.Re5f5 Ra8a7
31.e5 Nf6h7
32.Bg2d5 Kh8
33.Bd5xc4 Ra7e7
34.e6 a4
35.Rf5f7 Re7xf7
36.exf7 axb3
37.axb3 Nh7f6
38.Bc4d3 Nf6h7
39.Bd3xh7 Rc8f8
40.Bh7g6 { resign }
1-0

[Event "Tourn. n10288"]
[Site "www.echecsemail.com"]
[Date "2020.02.27"]
[Round "1"]
[White "Koudelka"]
[Black "Apdash"]
[WhiteElo "2479"]
[BlackElo "2280"]
[Result "0-1"]
[Round "1"]
1.e4 c5
2.Ng1f3 d6
3.d4 cxd4
4.Bf1b5 Bc8d7
5.Bb5xd7 Nb8xd7
6.Qd1xd4 Ng8f6
7.O-O g6
8.Nb1c3 Bf8g7
9.Bc1e3 O-O
10.Qd4a4 Nf6g4
11.Be3d4 Bg7xd4
12.Qa4xd4 Qd8b6
13.Nc3d5 Qb6d8
14.Ra1d1 Nd7f6
15.Rf1e1 Ra8c8
16.c3 Nf6xd5
17.exd5 Ng4f6
18.Re1e3 Rf8e8
19.Qd4xa7 Rc8a8
20.Qa7xb7 Ra8xa2
21.c4 Nf6g4
22.Re3e2 h6
23.h3 Ng4f6
24.Rd1e1 Kf8
 { time }
0-1

[Event "Tourn. n10288"]
[Site "www.echecsemail.com"]
[Date "2020.02.27"]
[Round "1"]
[White "Koudelka"]
[Black "Coolant"]
[WhiteElo "2479"]
[BlackElo "2370"]
[Result "0-1"]
[Round "1"]
1.e4 Nb8c6
2.Ng1f3 d6
3.d4 Bc8g4
4.d5 Nc6e5
5.Bf1b5 Ne5d7
6.O-O Ng8f6
7.Nb1c3 a6
8.Bb5e2 Bg4xf3
9.Be2xf3 g6
10.Bc1e3 Bf8g7
11.Bf3e2 e5
12.dxe6 fxe6
13.Qd1d2 O-O
14.f4 Qd8e7
15.Ra1d1 b5
16.Be2f3 e5
17.f5 Qe7f7
18.fxg6 Qf7xg6
 { time }
0-1

[Event "Match"]
[Site "www.echecsemail.com"]
[Date "2020.02.27"]
[Round "1"]
[White "Virgil08bv"]
[Black "Koudelka"]
[WhiteElo "2740"]
[BlackElo "2319"]
[Result "1-0"]
[Round "1"]
1.e4 e5
2.Ng1f3 Ng8f6
3.Nf3xe5 Qd8e7
4.d4 Nb8c6
5.Nb1c3 Nc6xe5
6.dxe5 Qe7xe5
7.f4 Qe5e7
8.Qd1d4 c6
9.Bf1e2 d5
10.exd5 Bc8g4
11.Bc1e3 Bg4xe2
12.Kxe2 Nf6g4
13.Rh1d1 Ng4xe3
14.Qd4xe3 Qe7xe3
15.Kxe3 O-O-O
16.dxc6 bxc6
17.Rd1xd8 Kxd8
18.Nc3e4 f5
19.Ne4g5 Bf8c5
20.Kf3 Rh8e8
21.Ra1d1 Kc7
22.Rd1d3 h5
23.Ng5f7 Re8e1
24.a3 h4
25.Nf7g5 a5
26.g3 hxg3
27.hxg3 a4
28.Rd3d2 Re1e3
29.Kg2 Re3e1
30.c3  { time }
1-0

[Event "Match"]
[Site "www.echecsemail.com"]
[Date "2020.02.27"]
[Round "1"]
[White "Roma753"]
[Black "Hundegana"]
[WhiteElo "2120"]
[BlackElo "1990"]
[Result "1-0"]
[Round "1"]
1.Ng1f3 c5
2.c4 e6
3.Nb1c3 Nb8c6
4.d4 cxd4
5.Nf3xd4 Nc6xd4
6.Qd1xd4 a6
7.e4 b6
8.Bc1e3 Ng8f6
9.e5 Nf6g8
10.Bf1d3 Bc8b7
11.O-O Bf8c5
12.Qd4f4 Ng8e7
13.Be3xc5 bxc5
14.Ra1d1 Ne7g6
15.Qf4e3 Qd8c7
16.f4 Qc7c6
17.Rf1f2 Qc6c7
18.Bd3c2 O-O
19.Rf2d2 Rf8d8
20.Bc2e4 Bb7c6
21.Be4xc6 Qc7xc6
22.Nc3e4 Ra8c8
23.Rd2d6 Qc6b7
24.Ne4xc5 Rc8xc5
25.Qe3xc5 Ng6xf4
26.Qc5f2 Nf4g6
27.Qf2e2 a5
28.b3 Ng6f4
29.Qe2d2 h6
30.Qd2xf4 Kf8
31.Rd6xe6 Qb7c7
32.Re6d6 Ke7
33.g4 Qc7a7
34.Qf4d4 Qa7b7
35.c5 Qb7f3
36.Rd6xd7 Rd8xd7
37.Qd4xd7 Kf8
38.Qd7d8 { resign }
1-0

[Event "Match"]
[Site "www.echecsemail.com"]
[Date "2020.02.27"]
[Round "1"]
[White "Apdash"]
[Black "Koudelka"]
[WhiteElo "2280"]
[BlackElo "1809"]
[Result "1-0"]
[Round "1"]
1.e4 e5
2.Ng1f3 Nb8c6
3.d4 exd4
4.Nf3xd4 Ng8f6
5.Bc1g5 Bf8e7
6.Bg5xf6 Be7xf6
7.Nd4xc6 bxc6
8.c3 O-O
9.Bf1e2 d5
10.Nb1d2 Qd8d6
11.Qd1c2 Bc8d7
12.O-O a5
13.Be2d3 Kh8
14.Kh1 Qd6f4
15.g3 Qf4h6
16.f4 Bd7h3
17.Rf1f2 Bf6e7
18.Nd2f3 Be7c5
19.Nf3d4 Bc5b6
20.Rf2d2 Ra8d8
21.Bd3f1 Bh3c8
22.Bf1g2 Rf8e8
23.e5 Kg8
24.Ra1d1 Bc8g4
25.Bg2f3 Bg4xf3
26.Nd4xf3 f6
27.Qc2f5 fxe5
28.Nf3xe5 Re8f8
29.Qf5g4 a4
30.h4 Qh6d6
31.Rd1e1 d4
32.Kh2 Qd6d5
33.Ne5f3 c5
34.Nf3g5 Qd5f5
35.Qg4d1 Rd8d5
36.Re1e7 Qf5f6
37.Rd2e2 h6
38.Re2e6 Qf6f5
39.Ng5f3 dxc3
40.Qd1c1  { time }
1-0

[Event "Tourn. n10284"]
[Site "www.echecsemail.com"]
[Date "2020.02.27"]
[Round "1"]
[White "Vasylpuzanov"]
[Black "Jjmcbride"]
[WhiteElo "1590"]
[BlackElo "1700"]
[Result "0-1"]
[Round "1"]
1.e4 e5
2.Ng1f3 Nb8c6
3.Bf1b5 Qd8f6
4.Bb5xc6 Qf6xc6
5.Nb1c3 d6
6.d3 h6
7.Bc1e3 Ng8f6
 { time }
0-1

[Event "1/128 Finale"]
[Site "www.chess-mail.com"]
[Date "2020.02.27"]
[Round "1"]
[White "Koudelka"]
[Black "Filidor"]
[WhiteElo "1809"]
[BlackElo "1649"]
[Result "0-1"]
[Round "1"]
1.e4 e5
2.Ng1f3 Nb8c6
3.a3 Ng8f6
4.Nb1c3 g6
5.Bf1c4 Bf8g7
6.O-O O-O
7.d3 d6
8.Bc1e3 Bc8e6
9.Nf3g5 Be6xc4
10.dxc4 h6
11.Ng5h3 Kh7
12.a4 Nf6d7
13.f4 exf4
14.Nh3xf4 Nc6e5
 { time }
0-1

[Event "1/128 Finale"]
[Site "www.chess-mail.com"]
[Date "2020.02.27"]
[Round "1"]
[White "Gvladutz"]
[Black "Koudelka"]
[WhiteElo "2510"]
[BlackElo "2319"]
[Result "1-0"]
[Round "1"]
1.e4 e5
2.Ng1f3 Ng8f6
3.d4 exd4
4.e5 Nf6e4
5.Qd1xd4 d5
6.exd6 Ne4xd6
7.Nb1c3 Nb8c6
8.Qd4f4 Bc8e6
9.Bc1e3 Nd6f5
10.Bf1b5 Bf8d6
11.Qf4e4 O-O
12.Be3g5 Qd8c8
13.O-O Bd6e7
14.Bb5xc6 bxc6
15.Bg5xe7 Nf5xe7
16.Nf3g5 Ne7g6
17.Qe4xc6 Be6f5
18.Ra1c1 Ra8b8
19.b3 h6
20.Ng5e4 Rb8b6
21.Qc6c4 Rf8e8
22.Rc1d1 Ng6e5
23.Qc4e2  { time }
1-0

[Event "1/128 Finale"]
[Site "www.chess-mail.com"]
[Date "2020.02.27"]
[Round "1"]
[White "Vasylpuzanov"]
[Black "Patriciomeza"]
[WhiteElo "1570"]
[BlackElo "1809"]
[Result "0-1"]
[Round "1"]
1.d4 d5
2.c4 c6
3.cxd5 cxd5
4.Nb1c3 Ng8f6
5.Ng1f3 Nb8c6
6.Ra1b1 Bc8f5
7.Bc1f4 Bf5xb1
8.Qd1xb1 e6
9.e3 a6
10.a3 Bf8e7
11.Bf1d3 O-O
12.h3 Ra8c8
 { time }
0-1